| 000 | 00585nam a2200217Ia 4500 | ||
|---|---|---|---|
| 005 | 20250923144347.0 | ||
| 008 | 008 250917s9999 xx 000 0 eng d | ||
| 037 | _aTextual | ||
| 040 |
_aDSWL _beng _cDSWL |
||
| 041 |
_aeng _2eng |
||
| 084 |
_aS8, G3 _qDSWL |
||
| 100 |
_aKatz, Daniel Schanck R.L. _9824093 |
||
| 245 | 0 |
_aSocial psychology _cby Daniel Katz |
|
| 260 |
_aNew York _b John Wiley _c1938 |
||
| 300 | _a700 p. | ||
| 365 |
_aINR _b1.8 |
||
| 700 |
_aR.L. Schanck _9824094 |
||
| 925 | _g1.8 | ||
| 942 |
_cTEXL _hS8, G3 |
||
| 999 |
_c1437898 _d1437898 |
||